| 000 | 00600nam a2200205 a 4500 | ||
|---|---|---|---|
| 001 | 1491 | ||
| 003 | CDMR | ||
| 005 | 20131015100828.0 | ||
| 008 | 130130s1976||||||||||||||||||||||||||||d | ||
| 020 | _a8474110181 | ||
| 040 |
_aCDMR _bcat _cCDMR |
||
| 100 | 1 |
_aFernández Avello, Manuel _91129 |
|
| 245 | 1 | 0 |
_aHistoria del periodismo asturiano _cManuel Fernández Avello |
| 260 |
_aSalinas (Asturias) _c1976 _bAyalga |
||
| 300 |
_a218 p. _c18 cm |
||
| 490 | 0 |
_aColección Popular Asturiana _v18 |
|
| 650 | 0 | 4 |
_92512 _aPeriodisme _xHistòria _zAstúries |
| 650 | 0 | 4 |
_94067 _aPremsa _zAstúries |
| 942 |
_cMON _2udc |
||
| 999 |
_c1491 _d1491 |
||